000 00639nam a2200169 i 4500
001 185021
003 ES-MaACL
005 20230906222331.0
008 160307s1855 ck |||| | spa d
110 2 _aBiblioteca Nacional (Colombia)
_9142683
245 1 0 _aCatálogo de las obras en francés existentes en la biblioteca nacional
_b: formado i publicado de órden del poder ejecutivo : primera serie.
260 _aBogotá :
_b[s.n.],
_c1855 (
_fImp. del Neo-granadino)
300 _a66 p. ;
_c26 cm.
610 2 7 _aBiblioteca Nacional (Colombia)-
_vCatálogos
_2
_9158980
852 _aES-MaACL
_jT-329-F-7
999 _c185021
_d185021